000 02272nam a22002057a 4500
008 120718t xxu||||| |||| 00| 0 eng d
020 _a9781121890305
050 _aQP34.5.W75
100 _aWise, Eric
245 _aSaladin's anatomy and physiology: laboratory manual. /
_cEric Wise.
_bUnity of form function: Part I (BIO 2111), Part II (BIO 2112)
250 _a6th ed.
260 _aNew York:
_bMcGraw- Hill,
_c2014.
300 _av, 646 p.:
_bill.(col.);
500 _aSpiral binding Includes index.
505 _aContents: Part I (BIO 2111) Introduction to lab science, measurement and chemistry -- Organs, systems and organisation of the body -- Microsocopy -- Cell structure and function -- Some functions of cell membranes -- Tissues -- Integumentary system -- Introduction to the skeletal system -- Appendicular skeleton -- Axial skeleton vertebrae, ribs, sternum, hyoid -- Axial skeleton - skull -- Articulations -- Introduction of the study of muscles and muscles of the shoulder and arm -- Muscles of the forearm and hand -- Muscles of the hip and thigh -- Muscles of the hand neck -- Muscles of the trunk -- Muscles physiology -- Introduction of the nervous system -- Structure and function of the brain and cranial nerves -- Structure and function of the spinal cord and nerves -- Nervous system physiology- Stimuli and reflexes -- Part II (BIO 2112) Introduction of sensory organs -- Taste and smell -- Eye and vision -- Ear, hearing and equilibrium -- Endocrine system -- Blood cells -- Blood tests and typing -- Structure of the heart -- Electrial conductivity of the heart -- Functions of the heart -- Introduction to blood vessels and arteries of the upper body -- Arteries of the lower body -- Veins and fetal circulation -- functions of vessels, lymphaticsystem -- Blood vessels and blood pressure -- Structure of the respiratory system -- Digestive physiology -- Urinary system -- Urinalysis -- Male reproductive system -- Female reproductive system -- Appendix A: Measurement conversions -- Appendix B: Periodic table of the elements -- Appendix C: Preparation of solutions.
650 _aAnatomy
_xLaboratory manuals.
650 _aPhysiology
_xLaboratory manuals.
650 _aHuman anatomy
_x Laboratory manuals.
942 _2lcc
_cBK
999 _c7266
_d14766